| 000 | 00000nam##2200000za#4500 |
| 001 | 9.647019 |
| 003 | CaOODSP |
| 005 | 20240209132408 |
| 007 | ta |
| 008 | 150407|1997||||xxc||||| f|0| 0 eng|d |
| 020 | |a0-662-26970-5 |
| 040 | |aCaOODSP|beng |
| 043 | |an-cn--- |
| 086 | 1 |aC89-41/1997E |
| 110 | 2 |aAtlantic Canada Opportunities Agency. |
| 245 | 10|aMethods used by leading nations to engender best management practices in small and medium-sized enterprises and the application to Atlantic Canada / |cPrepared by ATI Consulting Corporation, Inc. |
| 260 | |aMoncton - New Brunswick : |bAtlantic Canada Opportunities Agency |c1997. |
| 300 | |a67p. : |btables ; |c28 cm. |
| 500 | |a"This study identifies ways to improve the management skill capabilities of SMEs in Atlantic Canada. It focuses on the identification of best management practices (BMPs) which are generally defined as: "a continuous process of enhancing the skills of SMEs business owners, managers and employees so that survival, growth and competitiveness are supported from business start-up through to maturity"."--Page 1. |
| 520 | 3 |aThis study identifies ways to improve the management skill capabilities of SMEs in Atlantic Canada. It focuses on the identification of best management practices (BMPs) which are generally defined as: a continuous process of enhancing the skills of SMEs business owners, managers and employees so that survival, growth and competitiveness are supported from business start-up through to maturity.--Page 1 |
| 563 | |aRing binding |
| 590 | |a98-33|b1998-08-14 |
| 690 | 07|aBusinesses|2gcpds |
| 690 | 07|aSmall businesses|2gcpds |
| 690 | 07|aManagement|2gcpds |
| 775 | 08|tMéthodes employées par les nations à l'avant-garde pour instituer des pratiques exemplaires de gestion dans les petites et moyennes entreprises, et leur utilité dans la région de l'Atlantique / |w(CaOODSP)9.680499 |
| 776 | 0#|tMethods used by leading nations to engender best management practices in small and medium-sized enterprises and the application to Atlantic Canada / |w(CaOODSP)9.695304 |